000 00596nam a2200217Ia 4500
003 OSt
005 20230425144359.0
008 210423s2002 xx 000 0 und d
020 _a8176490024
040 _cAL
041 _aeng
082 _a574.88 TWYR
100 _aTWYMAN (Richard M).
_992704
245 _aAdvanced molecular biology: a concise reference.
260 _aNew Delhi
_bViva Books Pvt Ltd
_c2002
300 _axi,499
_bPB
365 _b250
_cINR
650 _aMolecular Biology
_992705
906 _aAdvanced ; biology: ; concise ; molecular ; reference
942 _2ddc
_cBK
999 _c162662
_d162662